[Event "X C.to Italiano U20"]
[Site "Bratto - Castione della Presolana ITA"]
[Date "2002.08.28"]
[Round "9"]
[White "Buchicchio, Roberto"]
[Black "Bartolini, Marco"]
[Result "0-1"]
[WhiteElo "1645"]
[BlackElo "1618"]
[PlyCount "64"]
[EventDate "2002.08.20"]

1.e4 e6 2.d4 d5 3.e5 c5 4.c3 Nc6 5.Nf3 Qb6 6.Bd3 cxd4 7.cxd4 Bd7 8.O-O 
Nxd4 9.Nxd4 Qxd4 10.Nc3 a6 11.Bb5 Qxd1 12.Bxd7+ Kxd7 13.Rxd1 Ne7 14.Na4 
Nc8 15.Be3 b5 16.Nb6+ Nxb6 17.Bxb6 Be7 18.Rac1 Rac8 19.f4 Rxc1 20.Rxc1 Rc8
21.Rxc8 Kxc8 22.Kf2 Kd7 23.Ke3 Kc6 24.Bd4 Bc5 25.a3 a5 26.Kd3 h5 27.Bxc5 
Kxc5 28.b3 f6 29.g3 fxe5 30.fxe5 d4 31.Ke4 a4 32.bxa4 bxa4 0-1

[Event "X C.to Italiano U20"]
[Site "Bratto - Castione della Presolana ITA"]
[Date "2002.08.28"]
[Round "9"]
[White "Castellano, Fabio Marco"]
[Black "Tassinari, Luca"]
[Result "1-0"]
[WhiteElo "1600"]
[BlackElo "1600"]
[PlyCount "103"]
[EventDate "2002.08.20"]

1.e4 c5 2.Nf3 d6 3.d4 cxd4 4.Nxd4 Nf6 5.Nc3 a6 6.Be2 e5 7.Nb3 Be6 8.O-O 
Nbd7 9.Kh1 b5 10.a3 Be7 11.f4 O-O 12.f5 Bc4 13.Rg1 d5 14.Bf3 Nc5 15.Nd2 
Nfxe4 16.Ncxe4 dxe4 17.Nxe4 Nxe4 18.Bxe4 Qxd1 19.Rxd1 Rad8 20.Be3 f6 21.
Rf1 Bd5 22.Bd3 e4 23.Be2 Rc8 24.c3 Bc5 25.Bxc5 Rxc5 26.a4 Bc4 27.Bxc4+ 
bxc4 28.Rfe1 Re5 29.Rad1 e3 30.Rd4 Rc8 31.g4 a5 32.Re2 g6 33.fxg6 hxg6 34.
Kg2 Kf7 35.Kf3 Ke6 36.Rxe3 Rxe3+ 37.Kxe3 Rc5 38.Re4+ Re5 39.Rxe5+ Kxe5 40.
h4 f5 41.gxf5 Kxf5 42.Kf3 Ke5 43.Kg4 Ke4 44.Kg5 Kd3 45.Kxg6 Kc2 46.h5 Kxb2
47.h6 Kxc3 48.h7 Kd2 49.h8=Q c3 50.Qd4+ Kc2 51.Qc5 Kb1 52.Qxc3 1-0

[Event "X C.to Italiano U20"]
[Site "Bratto - Castione della Presolana ITA"]
[Date "2002.08.28"]
[Round "9"]
[White "Ferro, Mario"]
[Black "Piscopo, Pierluigi"]
[Result "1/2-1/2"]
[WhiteElo "2191"]
[BlackElo "2289"]
[PlyCount "51"]
[EventDate "2002.08.20"]

1.d4 Nf6 2.c4 e6 3.Nc3 c5 4.Nf3 cxd4 5.Nxd4 d6 6.e4 Be7 7.Be2 O-O 8.O-O a6
9.Nc2 Nbd7 10.Be3 b6 11.f3 Bb7 12.Qd2 Qc7 13.Rac1 Rac8 14.Ne1 Qb8 15.Kh1 
Bd8 16.Bf4 Bc7 17.Rd1 Ne5 18.Bxe5 dxe5 19.Nd3 h6 20.Qe3 Nh5 21.h4 f5 22.c5
b5 23.a4 bxa4 24.Nxa4 Rcd8 25.Nb6 Rd4 26.exf5 1/2-1/2

[Event "X C.to Italiano U20"]
[Site "Bratto - Castione della Presolana ITA"]
[Date "2002.08.28"]
[Round "9"]
[White "Frilli, Guido"]
[Black "Damia, Angelo"]
[Result "0-1"]
[WhiteElo "1750"]
[BlackElo "1888"]
[PlyCount "62"]
[EventDate "2002.08.20"]

1.e4 c5 2.Nc3 d6 3.g3 Nc6 4.Bg2 g6 5.d3 Bg7 6.Be3 a6 7.Qd2 Be6 8.f4 h5 9.
h3 Qc7 10.Nge2 Nd4 11.Nd1 Nxe2 12.Qxe2 O-O-O 13.c3 f5 14.Qf2 Nf6 15.b4 Nd7
16.Rc1 c4 17.d4 fxe4 18.Bxe4 Bf5 19.Bb1 Qc6 20.Qf1 Bxb1 21.Rxb1 e5 22.dxe5
dxe5 23.Rb2 exf4 24.Bxf4 Rhe8+ 25.Kf2 Rf8 26.h4 Ne5 27.Re2 Nd3+ 28.Kg1 
Nxf4 29.gxf4 Rxf4 30.Qh3+ Rg4+ 31.Kh2 Qd6+ 0-1

[Event "X C.to Italiano U20"]
[Site "Bratto - Castione della Presolana ITA"]
[Date "2002.08.28"]
[Round "9"]
[White "Kidane, Robel"]
[Black "Longo, Aldo"]
[Result "1-0"]
[WhiteElo "1770"]
[BlackElo "1575"]
[PlyCount "51"]
[EventDate "2002.08.20"]

1.e4 c5 2.Nf3 e6 3.d4 cxd4 4.Nxd4 a6 5.Nc3 Qc7 6.Be3 Nf6 7.Be2 Bb4 8.O-O 
O-O 9.Qd3 b5 10.f4 d6 11.Bf3 Ra7 12.Ndxb5 axb5 13.Nxb5 Ba6 14.Nxc7 Bxd3 
15.Bxa7 Bxf1 16.Kxf1 Nc6 17.Be3 Rc8 18.Nb5 Na5 19.c3 Nc4 20.cxb4 Nxe3+ 21.
Kf2 Nc4 22.Rc1 d5 23.b3 Nd6 24.Rxc8+ Nxc8 25.exd5 exd5 26.a4 1-0

[Event "X C.to Italiano U20"]
[Site "Bratto - Castione della Presolana ITA"]
[Date "2002.08.28"]
[Round "9"]
[White "Lo Curto, Emanuele"]
[Black "Vocaturo, Daniele"]
[Result "1/2-1/2"]
[WhiteElo "2084"]
[BlackElo "2101"]
[PlyCount "69"]
[EventDate "2002.08.20"]

1.e4 c5 2.Nf3 d6 3.d4 cxd4 4.Nxd4 Nf6 5.Nc3 a6 6.Be3 e5 7.Nb3 Be6 8.Qd2 
Nbd7 9.f3 Qc7 10.g4 h6 11.O-O-O b5 12.h4 Nb6 13.Bxb6 Qxb6 14.Nd5 Bxd5 15.
exd5 Be7 16.Qd3 Rb8 17.Nd2 a5 18.Bh3 a4 19.f4 Qc5 20.Ne4 Nxe4 21.Qxe4 a3 
22.b4 Qc3 23.Rd3 Qa1+ 24.Kd2 Qxa2 25.Rb3 Rc8 26.Bf1 O-O 27.g5 f5 28.gxf6 
Rxf6 29.Bd3 Rxf4 30.Qh7+ Kf7 31.Bg6+ Kf6 32.Be4 Kf7 33.Bg6+ Kf6 34.Be4 Kf7
35.Bg6+ 1/2-1/2

[Event "X C.to Italiano U20"]
[Site "Bratto - Castione della Presolana ITA"]
[Date "2002.08.28"]
[Round "9"]
[White "Longo, Luigi"]
[Black "Chinello, Gianmarco"]
[Result "1-0"]
[WhiteElo "1678"]
[BlackElo "1636"]
[PlyCount "153"]
[EventDate "2002.08.20"]

1.d4 d5 2.c4 c6 3.Nf3 Nf6 4.Nc3 e6 5.Bg5 Nbd7 6.e3 Be7 7.cxd5 cxd5 8.Rc1 
O-O 9.Bd3 h6 10.Bf4 a6 11.O-O b5 12.Ne2 Ne8 13.e4 Bb7 14.e5 Nb6 15.b3 Bb4 
16.Ng3 Qd7 17.Nh5 Qe7 18.Bd2 Bxd2 19.Qxd2 Nd7 20.Rc2 f5 21.exf6 Ndxf6 22.
Nf4 Qd6 23.Qe3 Bc8 24.Ne5 Ng4 25.Qd2 Nxe5 26.dxe5 Qb6 27.Rfc1 Bb7 28.Ng6 
Rf7 29.Qb4 Rc8 30.Ne7+ Rxe7 31.Qxe7 Rb8 32.Bg6 Qd8 33.Qxd8 Rxd8 34.Bxe8 
Rxe8 35.Rc7 d4 36.Rxb7 Rd8 37.Rd1 d3 38.Rc7 Rd5 39.Rc3 d2 40.Rc2 Rxe5 41.
Rcxd2 Kf7 42.Kf1 Rc5 43.Rd6 a5 44.a4 bxa4 45.bxa4 Rc4 46.R6d4 Rc5 47.Ke1 
Re5+ 48.Kd2 Rf5 49.Ke3 Re5+ 50.Re4 Rc5 51.g3 Rc3+ 52.Kd4 Rc7 53.Rb1 Rd7+ 
54.Kc5 Rd2 55.Kb6 Rd8 56.Rb5 Rd2 57.Kxa5 g5 58.Rb7+ Kf6 59.Rb6 Rxf2 60.
Rexe6+ Kf7 61.Rf6+ Rxf6 62.Rxf6+ Kxf6 63.Kb6 Kf5 64.a5 Kg4 65.a6 Kh3 66.a7
Kxh2 67.a8=Q Kxg3 68.Qh8 g4 69.Qxh6 Kf3 70.Qf6+ Kg2 71.Kc5 g3 72.Kd4 Kg1 
73.Ke3 g2 74.Qf2+ Kh1 75.Qh4+ Kg1 76.Kf3 Kf1 77.Qf2# 1-0

[Event "X C.to Italiano U20"]
[Site "Bratto - Castione della Presolana ITA"]
[Date "2002.08.28"]
[Round "9"]
[White "Mazzilli, Piero"]
[Black "Cappai, Davide"]
[Result "1-0"]
[WhiteElo "2242"]
[BlackElo "1774"]
[PlyCount "47"]
[EventDate "2002.08.20"]

1.e4 c5 2.Nf3 Nc6 3.c3 d5 4.exd5 Qxd5 5.d4 Bg4 6.Be2 Nf6 7.h3 Bh5 8.c4 Qd6
9.d5 Ne5 10.O-O Bxf3 11.Bxf3 Nfd7 12.Be2 Nb6 13.Nc3 O-O-O 14.Nb5 Qb8 15.
Bf4 e6 16.Bg4 f5 17.Qe2 Bd6 18.Nxd6+ Qxd6 19.Bxe5 Qe7 20.d6 Qd7 21.Bf3 
Rhg8 22.a4 Kb8 23.a5 Nc8 24.Qe3 1-0

[Event "X C.to Italiano U20"]
[Site "Bratto - Castione della Presolana ITA"]
[Date "2002.08.28"]
[Round "9"]
[White "Nardelli, Marco"]
[Black "Napoli, Nicolo'"]
[Result "1/2-1/2"]
[WhiteElo "1821"]
[BlackElo "1902"]
[PlyCount "66"]
[EventDate "2002.08.20"]

1.e4 g6 2.d4 Bg7 3.Nc3 d6 4.f4 Nc6 5.Nf3 Bg4 6.Be3 e5 7.fxe5 dxe5 8.d5 Nd4
9.Be2 Bxf3 10.Bxf3 Ne7 11.O-O O-O 12.Ne2 Nxf3+ 13.Rxf3 f5 14.Nc3 fxe4 15.
Rxf8+ Qxf8 16.Bc5 e3 17.Qe2 Qf2+ 18.Qxf2 exf2+ 19.Bxf2 Rd8 20.Bh4 Rd7 21.
Bxe7 Rxe7 22.Ne4 Rf7 23.g3 Bf8 24.Rf1 Be7 25.Rxf7 Kxf7 26.Kf2 Ke8 27.Ke3 
Kd7 28.c4 b6 29.Kd3 c6 30.a3 a5 31.a4 h6 32.h3 Kc7 33.b3 Kd7 1/2-1/2

[Event "X C.to Italiano U20"]
[Site "Bratto - Castione della Presolana ITA"]
[Date "2002.08.28"]
[Round "9"]
[White "Navarro, Stefano"]
[Black "Costantini, Roberto"]
[Result "0-1"]
[WhiteElo "2122"]
[BlackElo "2340"]
[PlyCount "86"]
[EventDate "2002.08.20"]

1.e4 c5 2.Nf3 d6 3.d4 Nf6 4.Nc3 cxd4 5.Nxd4 a6 6.Bg5 e6 7.f4 Be7 8.Qf3 Qc7
9.O-O-O h6 10.Bh4 Nbd7 11.g4 g5 12.fxg5 Ne5 13.Qg3 Nfxg4 14.gxh6 Bxh4 15.
Qxh4 Qe7 16.Qg3 Rxh6 17.h4 Bd7 18.Be2 Nf6 19.h5 O-O-O 20.Qe3 Rdh8 21.Qg5 
Kd8 22.Rh4 Nd5 23.Qxe7+ Nxe7 24.Nf3 Nxf3 25.Bxf3 Ng6 26.Rh2 Ne5 27.Be2 Ke7
28.Rf1 Rg8 29.Nd1 Bc6 30.Nf2 f6 31.Rd1 Rg3 32.Rh4 Be8 33.Rg1 Bc6 34.Rf1 
Rg5 35.b3 Ng6 36.Rh2 Nf4 37.Bf3 f5 38.Kd2 Rg3 39.Ke3 Rxh5 40.Rxh5 Nxh5 41.
Rh1 fxe4 42.Nxe4 Rxf3+ 43.Kxf3 Bxe4+ 0-1

[Event "X C.to Italiano U20"]
[Site "Bratto - Castione della Presolana ITA"]
[Date "2002.08.28"]
[Round "9"]
[White "Pulito, Alberto"]
[Black "Retter, Martin"]
[Result "1-0"]
[WhiteElo "2032"]
[BlackElo "1807"]
[PlyCount "76"]
[EventDate "2002.08.20"]

1.e4 e6 2.d4 d5 3.e5 c5 4.c3 Qb6 5.Nf3 Nc6 6.a3 Bd7 7.b4 cxd4 8.cxd4 Rc8 
9.Be2 Nge7 10.O-O Nf5 11.Be3 Be7 12.g4 Nh4 13.Nbd2 Nxf3+ 14.Nxf3 O-O 15.
Qd2 f6 16.Rac1 a6 17.Rfe1 a5 18.exf6 gxf6 19.Bh6 Rf7 20.b5 Na7 21.Rxc8+ 
Nxc8 22.Qb2 Nd6 23.a4 Bf8 24.Bxf8 Kxf8 25.Bd3 Rg7 26.g5 fxg5 27.Ne5 Qd8 
28.Qe2 Bc8 29.Qh5 Kg8 30.Ng4 Nf7 31.Rc1 Bd7 32.b6 Bc6 33.Re1 Qe7 34.Bf5 
Bd7 35.Bd3 Qb4 36.Nf6+ Kh8 37.Rb1 Qxd4 38.Nxd7 Qxd3 1-0

[Event "X C.to Italiano U20"]
[Site "Bratto - Castione della Presolana ITA"]
[Date "2002.08.28"]
[Round "9"]
[White "Tomba, Ivan"]
[Black "Mogranzini, Roberto"]
[Result "0-1"]
[WhiteElo "2178"]
[BlackElo "2149"]
[PlyCount "170"]
[EventDate "2002.08.20"]

1.e4 c5 2.Nf3 e6 3.d4 cxd4 4.Nxd4 a6 5.Nc3 Qc7 6.Bd3 Nc6 7.Nb3 b5 8.Be3 
Nf6 9.f4 h5 10.h3 h4 11.e5 b4 12.Ne4 Nd5 13.Bd2 a5 14.O-O a4 15.Nc1 Nd4 
16.c4 bxc3 17.bxc3 Nf5 18.Qf3 Bb7 19.Rb1 Bc6 20.Ne2 a3 21.Kh2 Be7 22.c4 
Nb6 23.Rfc1 Na4 24.Bb4 Bxb4 25.Rxb4 Nc5 26.Bb1 d6 27.exd6 Nxd6 28.Nxd6+ 
Qxd6 29.Qc3 O-O 30.Qe5 Qxe5 31.fxe5 Rab8 32.Rxb8 Rxb8 33.Nd4 Ba8 34.Rd1 
Kf8 35.Nc2 Be4 36.Rf1 Bxc2 37.Bxc2 Ke7 38.Bb3 Nxb3 39.Rb1 Kd7 40.axb3 Kc6 
41.b4 a2 42.Ra1 Rxb4 43.Rxa2 Rxc4 44.Rf2 Re4 45.Rxf7 g5 46.Kg1 Kd5 47.Rg7 
Rxe5 48.Kf2 Rf5+ 49.Ke3 Ke5 50.Ra7 Rf1 51.Ra5+ Kf6 52.Ra4 Rb1 53.Rg4 Rb3+ 
54.Kf2 Kf5 55.Ra4 e5 56.Ra8 Rb2+ 57.Kg1 Kf4 58.Rf8+ Ke4 59.Rf3 Ra2 60.Rb3 
Rd2 61.Rf3 Rd3 62.Rf8 Ke3 63.Rf3+ Kd4 64.Rf5 Rg3 65.Rf8 Ke3 66.Rf7 e4 67.
Rf8 Kd2 68.Rf2+ Kd3 69.Rf8 Kd4 70.Rd8+ Kc3 71.Rc8+ Kd3 72.Rd8+ Ke3 73.Rd7 
g4 74.hxg4 Rxg4 75.Rh7 Kf4 76.Rf7+ Kg3 77.Kf1 Rg5 78.Kg1 Rb5 79.Rg7+ Kf4 
80.Rf7+ Ke3 81.Kh1 Rb1+ 82.Kh2 Ke2 83.Kh3 Rh1+ 84.Kg4 e3 85.Re7 Kf2 0-1

[Event "X C.to Italiano U20"]
[Site "Bratto - Castione della Presolana ITA"]
[Date "2002.08.28"]
[Round "9"]
[White "Trazzi, Enrico"]
[Black "Bonarrigo, Marco"]
[Result "0-1"]
[WhiteElo "1500"]
[BlackElo "1699"]
[PlyCount "76"]
[EventDate "2002.08.20"]

1.d4 d5 2.c4 e6 3.Nc3 Nf6 4.Nf3 c6 5.e3 Nbd7 6.a3 Bd6 7.cxd5 exd5 8.Be2 
O-O 9.O-O a5 10.Qc2 Re8 11.Re1 Ne4 12.Bd3 f5 13.Nd2 Bxh2+ 14.Kxh2 Qh4+ 15.
Kg1 Qxf2+ 16.Kh1 Qxe1+ 17.Nf1 Ng3+ 18.Kg1 Nxf1 19.Bxf1 Nf6 20.Qf2 Qxf2+ 
21.Kxf2 Ng4+ 22.Kg1 Nxe3 23.Bxe3 Rxe3 24.Be2 Bd7 25.Kf2 Re7 26.Rd1 Rae8 
27.g3 g6 28.Rd2 b5 29.Bf3 Kg7 30.Ne2 g5 31.Nc1 Kg6 32.Nd3 h5 33.Ne5+ Rxe5 
34.dxe5 Rxe5 35.Rd3 g4 36.Be2 Kg5 37.Re3 Rxe3 38.Kxe3 c5 0-1

[Event "X C.to Italiano U20"]
[Site "Bratto - Castione della Presolana ITA"]
[Date "2002.08.28"]
[Round "9"]
[White "Waldner, Mirko"]
[Black "Buchicchio, Giancarlo"]
[Result "1-0"]
[WhiteElo "1636"]
[BlackElo "1825"]
[PlyCount "63"]
[EventDate "2002.08.20"]

1.d4 Nf6 2.Nf3 c5 3.c4 g6 4.Nc3 cxd4 5.Nxd4 Nc6 6.Nxc6 bxc6 7.Bf4 Bg7 8.
Qd2 h5 9.e4 Qa5 10.Bd3 Ng4 11.O-O Ne5 12.Rfd1 d6 13.a3 Be6 14.b4 Qd8 15.
Bxe5 Bxe5 16.Rac1 a6 17.Ne2 Qb6 18.Bb1 a5 19.Ba2 axb4 20.axb4 Ra4 21.Rb1 
O-O 22.c5 dxc5 23.Bxe6 fxe6 24.Qg5 Rxb4 25.Qxg6+ Bg7 26.Qxe6+ Kh7 27.Qa2 
c4 28.Rxb4 Qxb4 29.Qc2 Qb3 30.Rc1 Ra8 31.Qxc4 Qb2 32.Rf1 {...} 1-0

[Event "XXII Festival Conca della Presolana Magistrale"]
[Site "Bratto - Castione della Presolana ITA"]
[Date "2002.08.20"]
[Round "1"]
[White "Antognini, Francesco"]
[Black "Isonzo, David"]
[Result "1-0"]
[WhiteElo "2094"]
[BlackElo "2337"]
[PlyCount "79"]
[EventDate "2002.08.20"]

1.e4 c5 2.Nf3 d6 3.d4 cxd4 4.Nxd4 Nf6 5.Nc3 a6 6.f3 e5 7.Nb3 Be6 8.Be3 
Nbd7 9.g4 b5 10.Nd5 Bxd5 11.exd5 Nb6 12.Bxb6 Qxb6 13.Qd2 Be7 14.O-O-O O-O 
15.Na5 Nxd5 16.Qxd5 Qxa5 17.h4 Rac8 18.Bd3 Rc5 19.Qe4 g6 20.Kb1 Qc7 21.g5 
d5 22.Qe3 Re8 23.h5 Bf8 24.Rh4 Bg7 25.Rdh1 e4 26.fxe4 Qe5 27.Qc1 Rc7 28.
hxg6 hxg6 29.exd5 Qxd5 30.Rd1 Qc5 31.Re4 Rce7 32.Rxe7 Qxe7 33.Rf1 Qe5 34.
c3 Re7 35.Qf4 Qxf4 36.Rxf4 Re5 37.Rg4 Re3 38.Kc2 Rf3 39.a4 bxa4 40.Rxa4 
1-0

[Event "XXII Festival Conca della Presolana Magistrale"]
[Site "Bratto - Castione della Presolana ITA"]
[Date "2002.08.20"]
[Round "1"]
[White "Astengo, Corrado"]
[Black "Manzoni, Alessandro"]
[Result "1/2-1/2"]
[WhiteElo "2195"]
[BlackElo "2023"]
[PlyCount "56"]
[EventDate "2002.08.20"]

1.e4 d6 2.d4 Nf6 3.Nc3 g6 4.g3 Bg7 5.Bg2 O-O 6.Nge2 e5 7.O-O Nc6 8.dxe5 
Nxe5 9.h3 h6 10.f4 Nc6 11.Be3 Re8 12.Qd2 Kh7 13.Rad1 Be6 14.b3 Qe7 15.Nd4 
Bd7 16.Rde1 Nxd4 17.Bxd4 Bc6 18.Qf2 Qd7 19.Re2 b6 20.Rd1 Ng8 21.Bxg7 Kxg7 
22.Qd4+ f6 23.Kh2 Rad8 24.h4 Qf7 25.Bh3 Ne7 26.Qf2 Bd7 27.Bxd7 Rxd7 28.Qd4
h5 1/2-1/2

[Event "XXII Festival Conca della Presolana Magistrale"]
[Site "Bratto - Castione della Presolana ITA"]
[Date "2002.08.20"]
[Round "1"]
[White "Astengo, Marcello"]
[Black "Bellia, Fabrizio"]
[Result "0-1"]
[WhiteElo "2124"]
[BlackElo "2412"]
[PlyCount "58"]
[EventDate "2002.08.20"]

1.d4 Nf6 2.c4 e6 3.Nc3 Bb4 4.Bd2 O-O 5.Qc2 d5 6.e3 Nbd7 7.Nf3 c6 8.Bd3 Qe7
9.a3 Bd6 10.O-O dxc4 11.Bxc4 e5 12.Ne4 Nxe4 13.Qxe4 Nf6 14.Qh4 e4 15.Ne5 
Be6 16.Be2 Rfe8 17.f4 exf3 18.Nxf3 Bd5 19.Bd3 Ne4 20.Qxe7 Rxe7 21.Rae1 
Rae8 22.Bc1 Nf6 23.Nh4 Be4 24.Bc4 Ng4 25.g3 g6 26.Nf3 Bd5 27.Bd3 Nxe3 28.
Rf2 Ng4 29.Rfe2 Bxf3 0-1

[Event "XXII Festival Conca della Presolana Magistrale"]
[Site "Bratto - Castione della Presolana ITA"]
[Date "2002.08.20"]
[Round "1"]
[White "Belotti, Bruno"]
[Black "Barlocco, Carlo"]
[Result "1-0"]
[WhiteElo "2430"]
[BlackElo "2136"]
[PlyCount "53"]
[EventDate "2002.08.20"]

1.e4 Nc6 2.d4 d5 3.Nc3 dxe4 4.d5 Ne5 5.Bf4 Ng6 6.Bg3 f5 7.Nh3 e5 8.dxe6 
Bxe6 9.Nb5 Bd6 10.Bxd6 cxd6 11.Qxd6 Qxd6 12.Nxd6+ Ke7 13.Nxb7 Nf6 14.Nc5 
Bd5 15.Nb3 a5 16.Nd4 f4 17.Bb5 Rhc8 18.a4 Kd6 19.O-O-O Ke5 20.Rhe1 Ra7 21.
f3 Bc4 22.Nc6+ Rxc6 23.Bxc6 e3 24.g3 Rc7 25.gxf4+ Nxf4 26.Rxe3+ Kf5 27.
Be4+ 1-0

[Event "XXII Festival Conca della Presolana Magistrale"]
[Site "Bratto - Castione della Presolana ITA"]
[Date "2002.08.20"]
[Round "1"]
[White "Benincasa, Marco"]
[Black "Del Dotto, Riccardo"]
[Result "0-1"]
[WhiteElo "2030"]
[BlackElo "2199"]
[PlyCount "40"]
[EventDate "2002.08.20"]

1.e4 e5 2.Nf3 Nf6 3.Nc3 Bb4 4.d3 Nc6 5.Bd2 d5 6.exd5 Nxd5 7.Nxd5 Bxd2+ 8.
Qxd2 Qxd5 9.Be2 f6 10.Qc3 Be6 11.O-O O-O-O 12.Rfe1 g5 13.Nxg5 fxg5 14.Bf3 
Qd6 15.Bxc6 bxc6 16.Qxe5 Bd5 17.Qxg5 Rhg8 18.Qf5+ Kb7 19.g3 Rdf8 20.Qxh7 
Qf6 0-1

[Event "XXII Festival Conca della Presolana Magistrale"]
[Site "Bratto - Castione della Presolana ITA"]
[Date "2002.08.20"]
[Round "1"]
[White "Berni, Fabrizio"]
[Black "Mantovani, Renzo"]
[Result "0-1"]
[WhiteElo "2116"]
[BlackElo "2369"]
[PlyCount "136"]
[EventDate "2002.08.20"]

1.e4 c5 2.Nf3 d6 3.c3 Nf6 4.Be2 Bd7 5.d3 Bc6 6.O-O c4 7.Nbd2 cxd3 8.Bxd3 
Nbd7 9.Qe2 e6 10.Nd4 Be7 11.f4 Qc7 12.Bc2 O-O 13.Kh1 Rfe8 14.N2f3 e5 15.
fxe5 dxe5 16.Nf5 Bf8 17.Bg5 h6 18.Bxf6 Nxf6 19.Nd2 Nh7 20.Bb3 Ng5 21.Qg4 
Kh8 22.h4 Ne6 23.Nf3 g6 24.Ne3 h5 25.Qg3 Bg7 26.Ng5 Nxg5 27.Qxg5 Re7 28.
Nd5 Bxd5 29.Bxd5 Rf8 30.Rf2 Kh7 31.Raf1 f6 32.Qe3 b6 33.Qe2 Qc5 34.c4 Qc8 
35.b3 Rc7 36.Qd1 Qd8 37.g3 Qe7 38.Qe2 Rd7 39.Kg2 Rd6 40.Kh2 Bh6 41.Rf3 Kg7
42.R3f2 Qc7 43.Rf3 Qc5 44.a4 Qb4 45.Qd3 Qa3 46.Qc3 Qc5 47.Rd3 Qc8 48.Rdf3 
Qg4 49.R3f2 g5 50.hxg5 Bxg5 51.Qf3 Qd7 52.Kg2 Rh8 53.Rh1 h4 54.Kf1 h3 55.
Qf5 Qxf5 56.Rxf5 Be3 57.Ke2 Bc5 58.Rff1 h2 59.b4 Bg1 60.Ra1 a5 61.b5 Kf8 
62.Kf3 Ke7 63.Kg2 Rdd8 64.Rf1 Rh6 65.Rf3 Kd6 66.Rd3 Kc5 67.Rf3 Kb4 68.Rd3 
Rhh8 0-1

[Event "XXII Festival Conca della Presolana Magistrale"]
[Site "Bratto - Castione della Presolana ITA"]
[Date "2002.08.20"]
[Round "1"]
[White "Brancaleoni, Maurizio"]
[Black "Radice, Luca"]
[Result "1/2-1/2"]
[WhiteElo "2249"]
[BlackElo "2064"]
[PlyCount "59"]
[EventDate "2002.08.20"]

1.d4 d5 2.Bg5 h6 3.Bh4 Nd7 4.e3 Ngf6 5.c4 e6 6.Nc3 c6 7.Nf3 Qa5 8.Nd2 Be7 
9.Be2 O-O 10.O-O Re8 11.a3 e5 12.Bxf6 Bxf6 13.cxd5 exd4 14.exd4 cxd5 15.
Nb3 Qd8 16.Nxd5 Nf8 17.Nxf6+ Qxf6 18.Nc5 b6 19.Nd3 Qxd4 20.Bf3 Rb8 21.Nb4 
Qxd1 22.Rfxd1 Bb7 23.Bxb7 Rxb7 24.Kf1 Rc7 25.Rac1 Rec8 26.Rxc7 Rxc7 27.Rd8
g6 28.Ke2 Kg7 29.Na6 Re7+ 30.Kd1 1/2-1/2

[Event "XXII Festival Conca della Presolana Magistrale"]
[Site "Bratto - Castione della Presolana ITA"]
[Date "2002.08.20"]
[Round "1"]
[White "Campanile, Antonio"]
[Black "Skembris, Spyridon"]
[Result "0-1"]
[WhiteElo "2140"]
[BlackElo "2431"]
[PlyCount "100"]
[EventDate "2002.08.20"]

1.c4 e5 2.Nc3 Nf6 3.Nf3 Nc6 4.g3 d5 5.cxd5 Nxd5 6.d3 Be7 7.Bg2 Be6 8.O-O 
O-O 9.a3 a5 10.Bd2 Re8 11.Na4 f6 12.Rc1 Nd4 13.e3 Nxf3+ 14.Bxf3 c6 15.Qc2 
Nb6 16.Be2 Nxa4 17.Qxa4 Qb6 18.Bc3 Bc5 19.d4 exd4 20.exd4 Bd6 21.Bc4 Bxc4 
22.Qxc4+ Kf8 23.Qd3 Kg8 24.Qc4+ Kf8 25.Qd3 h6 26.Rfe1 Qb3 27.Qd2 a4 28.
Rxe8+ Rxe8 29.Re1 Rxe1+ 30.Qxe1 Kf7 31.h4 h5 32.Qd2 b5 33.Kh2 Qd5 34.Qe2 
g6 35.Kg1 f5 36.Qe3 f4 37.gxf4 Be7 38.Qe5 Qxe5 39.fxe5 Ke6 40.Kg2 Bxh4 41.
f4 Kf5 42.Kf3 g5 43.fxg5 Bxg5 44.Kg3 Ke4 45.Kh3 Kd5 46.Kg3 c5 47.dxc5 Kxc5
48.Kf3 Kd5 49.b3 axb3 50.Bb2 Ke6 0-1

[Event "XXII Festival Conca della Presolana Magistrale"]
[Site "Bratto - Castione della Presolana ITA"]
[Date "2002.08.20"]
[Round "1"]
[White "Campini, Marco"]
[Black "Khenkin, Igor"]
[Result "0-1"]
[WhiteElo "2169"]
[BlackElo "2598"]
[PlyCount "79"]
[EventDate "2002.08.20"]

1.e4 c6 2.d4 d5 3.Nc3 dxe4 4.Nxe4 Bf5 5.Ng3 Bg6 6.Nf3 Nd7 7.c4 e6 8.Bd2 h5
9.Rc1 Bd6 10.Qb3 h4 11.Ne2 Qb8 12.Bg5 Bh5 13.Qe3 Ne7 14.Bxe7 Bxe7 15.a3 
Qc7 16.b4 a5 17.b5 cxb5 18.c5 b4 19.Nf4 Bxf3 20.Qxf3 b3 21.Bb5 Bg5 22.g3 
a4 23.O-O O-O 24.Rc4 Ra5 25.Rb4 Bxf4 26.Bxd7 Qxd7 27.Qxf4 h3 28.Qe4 Qc6 
29.f3 Ra7 30.Kf2 Rd8 31.g4 Qc7 32.f4 Rd5 33.Ke3 Ra8 34.Rf3 Qd7 35.Rxh3 f5 
36.Qd3 Rd8 37.g5 Rxc5 38.Rf3 Rc2 39.Rf2 Qc6 40.Rxc2 0-1

[Event "XXII Festival Conca della Presolana Magistrale"]
[Site "Bratto - Castione della Presolana ITA"]
[Date "2002.08.20"]
[Round "1"]
[White "Ceresoli, Luigi"]
[Black "Zanellato, Lorenzo"]
[Result "1/2-1/2"]
[WhiteElo "2204"]
[BlackElo "2048"]
[PlyCount "138"]
[EventDate "2002.08.20"]

1.e4 c6 2.d4 d5 3.Nc3 dxe4 4.Nxe4 Bf5 5.Ng3 Bg6 6.Nf3 Nd7 7.Bc4 e6 8.Qe2 
Ngf6 9.Bg5 Be7 10.Bb3 Nd5 11.Bxe7 Qxe7 12.O-O O-O 13.Rfe1 Rfe8 14.Rad1 Qf6
15.Rd2 Nf4 16.Qe3 Nd5 17.Qe2 Nf4 18.Qd1 Rad8 19.Ne4 Bxe4 20.Rxe4 Ng6 21.g3
Qf5 22.Re3 Nf6 23.Ne5 Nxe5 24.Rxe5 Qg4 25.f3 Qg6 26.c3 Nd7 27.Re4 Qf6 28.
Qe2 Nf8 29.Kg2 Ng6 30.Rd1 Ne7 31.Rf4 Qg5 32.Re1 Nd5 33.Rg4 Qf6 34.Re4 Qe7 
35.Re5 Qc7 36.f4 Nf6 37.f5 c5 38.fxe6 Qc6+ 39.Kg1 fxe6 40.Rxe6 Rxe6 41.
Qxe6+ Qxe6 42.Bxe6+ Kf8 43.dxc5 Rd2 44.b4 Rc2 45.Bh3 Rxc3 46.Bg2 a5 47.
Bxb7 axb4 48.c6 Nd5 49.Rd1 Ne7 50.Rd8+ Kf7 51.Rd7 Ke6 52.Kg2 g5 53.g4 h6 
54.Rd4 Nxc6 55.Bxc6 Rxc6 56.Rxb4 Rc2+ 57.Kg3 Rxa2 58.Rb6+ Kf7 59.Rxh6 Kg7 
60.Re6 Ra3+ 61.Kf2 Rh3 62.Kg2 Ra3 63.Re5 Kf6 64.Rf5+ Kg6 65.Rf3 Ra2+ 66.
Kg3 Ra1 67.h3 Rg1+ 68.Kf2 Ra1 69.Ke3 Ra4 1/2-1/2

[Event "XXII Festival Conca della Presolana Magistrale"]
[Site "Bratto - Castione della Presolana ITA"]
[Date "2002.08.20"]
[Round "1"]
[White "Citti, Gianluca"]
[Black "Bellini, Fabio"]
[Result "0-1"]
[WhiteElo "2157"]
[BlackElo "2500"]
[PlyCount "72"]
[EventDate "2002.08.20"]

1.e4 g6 2.d4 Bg7 3.Nc3 c6 4.Bc4 d6 5.Qf3 e6 6.Nge2 Nd7 7.O-O Ngf6 8.Bg5 h6
9.Bxf6 Qxf6 10.Qg3 Qe7 11.f4 d5 12.exd5 cxd5 13.Bd3 Nf6 14.Rae1 O-O 15.Qf3
Qb4 16.Nd1 Bd7 17.c3 Qb6 18.Ng3 Bb5 19.Nf2 Bc6 20.Re2 Rfe8 21.Kh1 h5 22.
Rfe1 Qc7 23.Nh3 Nh7 24.Ng5 Nxg5 25.fxg5 e5 26.dxe5 Rxe5 27.Rxe5 Bxe5 28.
Nxh5 gxh5 29.g6 fxg6 30.Bxg6 Rf8 31.Qxh5 Qg7 32.Bf5 Be8 33.Be6+ Bf7 34.Qh3
Bxe6 35.Qxe6+ Rf7 36.Rxe5 Qxe5 0-1

[Event "XXII Festival Conca della Presolana Magistrale"]
[Site "Bratto - Castione della Presolana ITA"]
[Date "2002.08.20"]
[Round "1"]
[White "Contin, Daniel"]
[Black "Bonanno, Alessandro"]
[Result "1/2-1/2"]
[WhiteElo "2334"]
[BlackElo "2094"]
[PlyCount "119"]
[EventDate "2002.08.20"]

1.e4 c5 2.Nf3 Nc6 3.Bb5 e6 4.O-O Nge7 5.Re1 a6 6.Bf1 Ng6 7.c3 d5 8.exd5 
Qxd5 9.d4 Be7 10.Na3 cxd4 11.cxd4 b5 12.Nc2 O-O 13.Ne3 Qd7 14.d5 Nb4 15.
dxe6 fxe6 16.a3 Nd5 17.Nxd5 Qxd5 18.Qxd5 exd5 19.Nd4 Bf6 20.Be3 Ne5 21.
Rad1 Ng4 22.Bf4 Nxf2 23.Kxf2 g5 24.Ne6 Bxe6 25.Rxe6 Bxb2 26.Rxd5 Rxf4+ 27.
Ke1 Bc3+ 28.Ke2 Raf8 29.Kd3 Rxf1 30.Kxc3 Rc8+ 31.Kb3 Rb1+ 32.Ka2 Rg1 33.
Rxg5+ Kf7 34.Rxa6 Rc2+ 35.Kb3 Rgxg2 36.Ra7+ Kf6 37.Rxg2 Rxg2 38.Rxh7 Ke6 
39.Rh5 Kd6 40.Kb4 Rb2+ 41.Kc3 Ra2 42.Kb3 Rg2 43.h3 Kc6 44.Rh8 Rf2 45.Rc8+ 
Kd5 46.h4 Rh2 47.Kb4 Rb2+ 48.Kc3 Ra2 49.Ra8 Rh2 50.Rh8 Kc5 51.Rh5+ Kc6 52.
Kd4 Rh3 53.Rh6+ Kd7 54.Rh7+ Kd6 55.h5 Rxa3 56.h6 Ra4+ 57.Kd3 Rh4 58.Ra7 
Ke6 59.h7 Kf6 60.Kc3 1/2-1/2

[Event "XXII Festival Conca della Presolana Magistrale"]
[Site "Bratto - Castione della Presolana ITA"]
[Date "2002.08.20"]
[Round "1"]
[White "Del Rio Angelis, Salvador Gabriel"]
[Black "Moncelli, Giorgio"]
[Result "1-0"]
[WhiteElo "2504"]
[BlackElo "2155"]
[PlyCount "39"]
[EventDate "2002.08.20"]

1.e4 e5 2.Nf3 Nf6 3.Nxe5 d6 4.Nf3 Nxe4 5.d4 d5 6.Bd3 Bd6 7.O-O O-O 8.c4 c6
9.cxd5 cxd5 10.Nc3 Nxc3 11.bxc3 Bg4 12.Rb1 Nd7 13.h3 Bh5 14.Rb5 Bxf3 15.
Qxf3 Nb6 16.c4 dxc4 17.Bc2 a6 18.Rg5 Qc7 19.Rxg7+ Kxg7 20.Bh6+ 1-0